Statistics for Countries with the Highest Elevation

Click here to take the quiz!

General Stats

  • This quiz has been taken 81,494 times
  • The average score is 15 of 20

Answer Stats

Meters Feet Country % Correct
884829,029China
97%
884829,029Nepal
96%
619120,322United States
95%
858628,169India
93%
564218,510Russia
90%
595919,551Canada
89%
689322,615Chile
87%
861128,251Pakistan
84%
676822,205Peru
82%
696022,835Argentina
82%
749224,580Afghanistan
74%
654221,463Bolivia
69%
757024,836Bhutan
68%
701022,999Kazakhstan
67%
570018,701Colombia
66%
626720,561Ecuador
63%
749524,590Tajikistan
57%
589219,331Tanzania
57%
743924,406Kyrgyzstan
53%
588119,295Myanmar
41%

Score Distribution

Percentile by Number Answered

Percent of People with Each Score

Your Score History

You have not taken this quiz